000 00504nam a2200181Ia 4500
008 240925s9999 xx 000 0 und d
020 _a9781138385245
082 _a379.154 WAG
100 _aWagner, Robert B.
245 0 _aAccountability in education: a philosophical inquiry
250 _aNA
260 _aNew York:
_bRoutlege Taylor & Francis Group
_c,2018.
300 _a188p.
_b0
_fOriginal
500 _aIncludes Index
600 _aSocial Sciences
650 _aSocial Sciences
942 _cBK
999 _c17459
_d17459